00921nam a2200253 i 4500001000700000003000900007005001700016008004100033020001800074080001400092080000900106080001300115100003900128245022500167260004500392300003500437490002400472500001500496650001200511650003200523650003500555830002400590852005300614185434ES-MaACL20250930063158.0160603s1979 xxua |||| | eng d a0-486-23701-X a514.172.2 a7:51 a502(0:7)1 aCook, Theodore Andrea, d1867-192814aThe curves of life b: being an account of spiral formations and their application to growth in nature, to science, and to art : with special reference to the manuscripts of Leonardo da Vinci / cby Theodore Andrea Cook. aNew York : bDover Publications, c1979. aXXX, 479 p. : bil. ; c22 cm.1 aDover science books aÍndices. 4aCurvas. 7aArte y matemáticas2embne 7aNaturaleza (Estética)2embne0 aDover science books aES-MaACLjL-30318 z. - Donat. Miguel A. Velasco